Англо-український тлумачний словник з обчислювальної техніки, Інтернету і програмування (Запис № 283511)
[ простий вигляд ]
| 000 -LEADER | |
|---|---|
| fixed length control field | 01368nam a22001817a 4500 |
| 020 ## - INTERNATIONAL STANDARD BOOK NUMBER | |
| International Standard Book Number | 978966530027Х |
| 041 ## - LANGUAGE CODE | |
| Language code of text/sound track or separate title | eng |
| 080 ## - UNIVERSAL DECIMAL CLASSIFICATION NUMBER | |
| Universal Decimal Classification number | 81.1 |
| 090 ## - LOCALLY ASSIGNED LC-TYPE CALL NUMBER (OCLC); LOCAL CALL NUMBER (OCLC) | |
| Local cutter number (OCLC) ; Book number/undivided call number, CALL (RLIN) | ПРО |
| 100 ## - MAIN ENTRY--PERSONAL NAME | |
| Personal name | Пройдаков Е.М., Теплицький Л.А. |
| 245 ## - TITLE STATEMENT | |
| Title | Англо-український тлумачний словник з обчислювальної техніки, Інтернету і програмування |
| 250 ## - EDITION STATEMENT | |
| Edition statement | 2 |
| 260 ## - PUBLICATION, DISTRIBUTION, ETC. (IMPRINT) | |
| Place of publication, distribution, etc | Київ |
| Name of publisher, distributor, etc | СофтПрес |
| Date of publication, distribution, etc | 2006 |
| 300 ## - PHYSICAL DESCRIPTION | |
| Extent | 824 |
| 520 ## - SUMMARY, ETC. | |
| Summary, etc | Друге видання англо-українського тлумачного словника з обчислювальної техніки, Інтернету і програмування містить близько 14 тис. термінів, абревіатур та акронімів, які використовують у сферах компютерної техніки, програмування, мереж різного типу, а також в основних прикладних сферах. Видання призначене для фахівців з інформаційно-комунікаційних технологій, а також для широкого кола користувачів, яких цікавить ця сфера. |
| -- | IT Technology, Internet, Computer |
| 650 ## - SUBJECT ADDED ENTRY--TOPICAL TERM | |
| Topical term or geographic name as entry element | Reference |
| 942 ## - ADDED ENTRY ELEMENTS (KOHA) | |
| Koha item type | Книги |
| Withdrawn status | Lost status | Source of classification or shelving scheme | Damaged status | Not for loan | Home library | Current library | Date acquired | Source of acquisition | Coded location qualifier | Cost, normal purchase price | Total Checkouts | Full call number | Barcode | Date last seen | Date checked out | Price effective from | Koha item type |
|---|---|---|---|---|---|---|---|---|---|---|---|---|---|---|---|---|---|
| Universal Decimal Classification | ВІЛ - Відділ іноземн. літератури НБ | ВІЛ - Відділ іноземн. літератури НБ | 21/05/2007 | Акт № 1\07 | А75 | 50.00 | 1 | 81.1 | 212319 | 02/11/2021 | 01/10/2019 | 21/05/2007 | Книги |